000 00554nam a2200193Ia 4500
005 20260120131952.0
008 008 260114s9999 xx 000 0 eng d
020 _a9780197741122
037 _aEBOOK
040 _aCRL
_beng
_cCRL
041 _aeng
_2eng
084 _qCRL
100 _aShulman
_9933377
245 0 _aSelf and Self-Transformation in the History of Religions
260 _bOxford University PressOxford University Press
_c2023
856 _uhttps://academic.oup.com/book/54907
942 _cEBOOK
999 _c1525300
_d1525300